[Event "Hoogeveen Essent op"]
[Site "Hoogoveen"]
[Date "2005.10.28"]
[Round "8"]
[White "Kharitonov, Andrei Y"]
[Black "Atalik, Suat"]
[Result "1/2-1/2"]
[WhiteElo "2545"]
[BlackElo "2620"]
[Annotator "Atalik,S"]
[PlyCount "88"]
[EventDate "2005.10.21"]
[EventType "swiss"]
[EventRounds "9"]
[EventCountry "NED"]
[SourceTitle "EXT 2006"]
[Source "ChessBase"]
[SourceDate "2005.11.24"]
[SourceVersion "1"]
[SourceVersionDate "2005.11.24"]
[SourceQuality "1"]

1. d4 Nf6 2. c4 g6 3. g3 c5 4. Nf3 Bg7 5. Bg2 cxd4 6. Nxd4 O-O 7. O-O d5 8.
cxd5 Nxd5 9. Nb5 $5 (9. Nc3 $1 Nxc3 10. bxc3 $14 {is the real test of this
variation.}) 9... a6 (9... Be6 10. Nd4 (10. N1c3 Nxc3 11. Nxc3 Nc6 12. Be3 Qa5
$15 {black comes first.}) 10... Bxd4 $5 {Yermo's recipe!} 11. Qxd4 Nc6 12. Qh4
Qb6 $13) (9... e6 10. N1c3 a6 {I could have got into this position by the
games's move order.} 11. Nxd5 axb5 $11 {should offer equal chances to both
sides.} (11... exd5 12. Nc3 d4 13. Nd5 Nc6 (13... Be6 14. Nf4) 14. Bf4 Bh3 15.
Bxh3 (15. Bc7 Qg5) 15... Qxd5 16. Bg2 Qb5 $14)) 10. N1c3 Nxc3 $2 (10... e6 $142
$11 {like in the previous note.}) 11. Nxc3 Nc6 12. Be3 Qxd1 (12... Be6 13. Qa4
$1 $16 {and white comes first.}) 13. Rfxd1 Bxc3 14. bxc3 Bg4 15. Kf1 $6 {
He showed no understanding whatsoever.} (15. h3 Bxe2 16. Rd7 Rab8 17. Rb1 Bb5)
(15. Rab1 $1 Rfd8 16. Rxd8+ Rxd8 17. h3 Bxe2 18. Rxb7 Ne5 19. Bd4 Nf3+ 20. Bxf3
Bxf3 21. Rxe7 $16 {is a bad endgame to sit behind.}) 15... Rfd8 16. Rdb1 {
After this black wins his pawn easily back.} (16. Rab1 Bf5) (16. Bb6 Rxd1+ 17.
Rxd1 Be6 18. Bd5 Bxd5 19. Rxd5 Kg7 $11) (16. Bc5 Rd7 17. Rxd7 Bxd7 18. Rb1 b5
19. Rd1 Bg4 $1 20. Bxe7 Re8 21. Bxc6 Rxe7 22. Rd2 Rc7 23. Rd6 Kf8 24. e4 Bf3 $1
25. Rf6 Ke7 26. Rxf3 Rxc6 $11 {The pawn deficit should not matter much.}) 16...
Rd7 17. Rxb7 Rxb7 18. Bxc6 Rab8 19. Bxb7 Rxb7 20. c4 (20. Rd1 f6 21. f3 Be6 $11
) (20. f3 Be6 21. Bh6 f6 $11) 20... Rb2 21. f3 Be6 22. Rc1 (22. Rd1 f6 (22...
f5)) 22... Rxa2 $11 23. c5 Ra4 24. c6 {Before playing this my opponent offered
me a draw.I have answered that he has to play his move first.} Rc4 25. Rxc4
Bxc4 $11 {The rest is between me and my ego.} 26. c7 Be6 27. Ke1 Kf8 28. Kd2
Ke8 29. Kc3 Kd7 30. Bc5 Kxc7 31. Bxe7 Bh3 32. Kd4 a5 33. e4 Bg2 34. f4 Kc6 35.
h4 h5 36. e5 Kd7 37. Ba3 Ke6 38. Bc5 Kf5 39. Ke3 Kg4 40. Kf2 Bd5 41. Ba3 Kf5
42. Ke3 Kg4 43. Kf2 a4 44. Bb4 Kf5 1/2-1/2

[Event "RUS-chT 11th"]
[Site "Sochi"]
[Date "2004.04.22"]
[Round "3.6"]
[White "Bocharov, Dmitry"]
[Black "Babiy, Anatoly"]
[Result "1-0"]
[WhiteElo "2567"]
[BlackElo "2471"]
[Annotator "Atlas,V"]
[PlyCount "95"]
[EventDate "2004.04.20"]
[EventType "team-tourn"]
[EventRounds "9"]
[EventCountry "RUS"]
[SourceTitle "EXT 2020"]
[Source "ChessBase"]
[SourceDate "2019.10.17"]
[SourceVersion "1"]
[SourceVersionDate "2019.10.17"]
[SourceQuality "1"]
[WhiteTeam "Tomsk 400"]
[BlackTeam "Vladivostok Debiut-DVGU"]
[WhiteTeamCountry "RUS"]
[BlackTeamCountry "RUS"]

1. d4 Nf6 2. Nf3 g6 3. c4 Bg7 4. g3 O-O 5. Bg2 c6 6. Nc3 d5 7. cxd5 cxd5 8. Ne5
Nc6 9. Nxc6 bxc6 10. O-O Nd7 11. Be3 Nb6 12. b3 Bf5 13. Qd2 Re8 14. Rac1 Qd7
15. Rfd1 a5 16. Bh6 Bf6 17. e4 Bg4 18. f3 Bh3 19. Bxh3 Qxh3 20. e5 Bh8 21. Ne2
Rec8 22. Rc3 Nd7 23. Be3 Nb8 24. Nf4 Qd7 25. Nd3 Bg7 26. Kg2 Qa7 27. Rdc1 e6
28. h4 Qb6 29. h5 Nd7 30. Rh1 Bf8 31. Bf2 Qd8 32. Rc2 Be7 33. g4 Ra7 34. Rh3
Qf8 35. Rc1 Qd8 36. hxg6 fxg6 37. f4 Nf8 38. Rch1 Qe8 39. f5 {This pawn
sacrifice yields allows White to create very dangerous threats. Another
interesting option was 39.Bh4!? Durch dieses Bauernopfer kommt Weiß zu
brandgefährlichen Drohungen. Eine weitere interessante Möglichkeit war 39.Bh4!?
} exf5 40. gxf5 gxf5 41. Qh6 Bd8 ({Of course, not Natürlich nicht} 41... Qg6+
$4 42. Rg3 {, winning the queen. mit Damengewinn.}) 42. Rg3+ Kh8 43. Nf4 Rcc7
44. Rh5 Rg7 (44... Rf7 {was a better choice. war eine bessere Wahl.}) 45. Rxf5
Rxg3+ 46. Bxg3 Rg7 $2 ({A decisive mistake. Much more stubborn was Ein
entscheidender Fehler. Viel hartnäckiger war} 46... Kg8) {[%tqu "En","How can
White break Black's shaky defensive construction on the kingside?","Watch out
for geometrical motifs and make use of Black's pinned pieces.","Use your rook
for the decisvie blow!","f5f8","This elegant sacrifice crowns White's attack.",
5,"De","Wie kann Weiß die anfällige schwarze Verteidigungskonstruktion am
Königsflügel zerschlagen?","Achten Sie auf geometrische Motive und nutzen Sie
die gefesselten Figuren des Schwarzen aus.","Der Turm soll den K.o.-Schlag
versetzen!","f5f8","Dieses elegante Opfer krönt den weißen Angriff.",5]} 47.
Rxf8+ $1 {[%csl Re8,Rg7,Rh8][%cal Gh6f8,Gh6h8] A winning move, entailing huge
material losses for Black. Ein Gewinnzug, der riesige Materialverluste für
Schwarz nach sich zieht.} Qxf8 48. Ng6+ $1 (48. Ng6+ {A nice illustration of a
double pin! Black loses his queen: Ein schönes Beispiel für die
Doppelfesselung! Schwarz verliert seine Dame:} Rxg6 (48... Kg8 49. Nxf8) 49.
Qxf8+) 1-0

[Event "Olympiad-36"]
[Site "Mallorca"]
[Date "2004.10.26"]
[Round "11"]
[White "Izoria, Zviad"]
[Black "Kovalev, Andrei"]
[Result "1-0"]
[WhiteElo "2600"]
[BlackElo "2575"]
[Annotator "Atlas,V"]
[PlyCount "89"]
[EventDate "2004.10.15"]
[EventType "team-swiss"]
[EventRounds "14"]
[EventCountry "ESP"]
[SourceTitle "CBM 104"]
[Source "ChessBase"]
[SourceDate "2005.01.27"]
[SourceVersion "1"]
[SourceVersionDate "2005.01.27"]
[SourceQuality "1"]
[WhiteTeam "Georgia"]
[BlackTeam "Belarus"]
[WhiteTeamCountry "GEO"]
[BlackTeamCountry "BLR"]

1. d4 Nf6 2. c4 g6 3. Nf3 Bg7 4. g3 O-O 5. Bg2 c6 6. Nc3 d5 7. Qb3 dxc4 8. Qxc4
a5 9. O-O Bf5 10. e3 Qc8 11. Ne5 Bh3 12. e4 Bxg2 13. Kxg2 b5 14. Qe2 Nbd7 15.
Rd1 a4 16. Nd3 Nb6 17. Bg5 Rd8 18. Rac1 Qb7 19. Nc5 Qa7 20. Qf3 Rac8 21. b3 h6
$2 (21... Nfd7 $5 {deserved attention here. Now} 22. Bxe7 {is met by} Ne5 23.
dxe5 Qxe7 {, with counterplay. The text move allows White to obtain a durable
advantage.}) 22. Bxf6 exf6 ({If} 22... Bxf6 {, then} 23. e5 {, and White keeps
an edge}) 23. Ne2 axb3 24. axb3 Qe7 25. g4 $1 {Excellent move, preparing the
knight transfer to g3 and the march of the h-pawn.} Nd7 26. Nxd7 Rxd7 27. Ng3
Qb4 28. d5 c5 29. h4 c4 30. bxc4 Rxc4 31. h5 $1 Qc5 32. Ne2 Re7 33. Rxc4 bxc4
34. hxg6 fxg6 35. Nf4 Kh7 36. d6 Rd7 37. Rd5 Qc6 {[%tqu "En","How should White
develop his initiative?","Target the enemy king!","Find an efficient pawn
advancement to power up your offensive.","e4e5","This brilliant move yields
White an irresistible attack.",7]} 38. e5 $3 {[%csl Rc6,Gd5,Gd6,Ge5,Gf3,Gf4,
Rf6,Rg6,Rh7] This energetic pawn move decides the outcome of battle for White.}
fxe5 (38... c3 {loses to} 39. e6 $1 Rxd6 40. Rxd6 Qxd6 41. Qe4 f5 42. gxf5 Qe7
43. fxg6+ Kg8 44. Kh3) {[%tqu "En","How could you justify White's pawn
sacrifice on the previous move?","Expose the enemy king!","Sacrifice your
knight!","f4g6","After this terrific blow Black is doomed.",6]} 39. Nxg6 $1 {
[%csl Gf3,Rf5,Gg6,Rh7] A final blow, crowning White's attack.} Rxd6 (39... Kxg6
40. Qf5#) 40. Ne7 $1 Qd7 41. Rxd6 Qxe7 (41... Qxd6 {loses after} 42. Qf5+ Kh8
43. Qc8+ Kh7 44. Qg8#) 42. Qf5+ Kg8 43. Rd7 Qe8 44. Rc7 Bf8 45. Qh7# 1-0

[Event "Moscow Petrosian Memorial"]
[Site "Moscow"]
[Date "2014.11.06"]
[Round "3"]
[White "Aronian, Levon"]
[Black "Ding, Liren"]
[Result "1/2-1/2"]
[WhiteElo "2797"]
[BlackElo "2730"]
[Annotator "CB"]
[PlyCount "154"]
[EventDate "2014.11.04"]
[EventType "tourn"]
[EventRounds "7"]
[EventCountry "RUS"]
[EventCategory "20"]
[SourceTitle "CBM 164"]
[Source "ChessBase"]
[SourceDate "2015.01.15"]
[SourceVersion "1"]
[SourceVersionDate "2015.01.15"]
[SourceQuality "1"]

1. c4 g6 2. d4 Nf6 3. g3 c6 4. Nf3 Bg7 5. Bg2 d5 6. cxd5 cxd5 7. Ne5 (7. Nc3 {
was Inarkiev-Gelfand.}) 7... Ne4 8. Nd2 Nd7 9. Nxe4 dxe4 10. Bf4 Qa5+ 11. Bd2
Qd5 12. Bc3 f5 13. f3 O-O 14. O-O Nxe5 15. fxe4 fxe4 16. Rxf8+ Kxf8 17. dxe5
Be6 18. Qd4 Qxd4+ 19. Bxd4 Bd5 20. Rc1 {The symmetrical position presents some
danger for Black. The main issue is that White controls the c-file and has
realistic possibilities to pressure e4, unlike Black's attempts to pressure e5.
} Ke8 {Ding Liren hurries to d8 so as to not allow the rook coming to c7.} (
20... Kf7 21. Rc7 $14) 21. h4 Rd8 22. a3 e6 23. e3 Kd7 24. Rf1 Ke8 (24... Ke7
25. Rf4 b6 26. Bxe4 Bh6 27. Rg4 Rf8 $11) 25. Rf4 Bh6 26. Rf2 a6 27. Rc2 Kd7 28.
g4 Bf8 (28... g5 $1 {prevents White from ever entering f4.}) 29. Rf2 Ke8 30.
Rf4 Be7 $6 31. g5 {Finally White has nothing to worry about from taking e4. He
will have an extra pawn, though not a particularly significant one.} Rc8 32.
Bxe4 Bxe4 33. Rxe4 Rc2 34. Rf4 b5 35. Kf1 a5 36. Ke1 b4 37. axb4 Bxb4+ 38. Kd1
Rc6 (38... Rd2+ 39. Kc1 Re2 $11) 39. b3 Ra6 40. Bb2 Rc6 41. Rf2 Rc5 42. Bd4 Rc7
43. Rh2 Rc6 44. Rh1 Bc3 45. Ke2 Bb4 46. Kd3 Rc7 47. Ra1 Rc6 48. Bb2 Rc7 49. Ba3
$5 {Finally some way to distrub the status quo.} Rc3+ 50. Kd4 Rxb3 51. Bxb4
axb4 $1 (51... Rxb4+ 52. Kc5 Rxh4 53. Rxa5 Re4 54. Kd6 Rb4 55. Ra8+ Kf7 56.
Ra7+ Ke8 57. Kxe6 Rb6+ 58. Kd5 Rb5+ 59. Kd6 Rb6+ 60. Kc5 {is winning for White.
}) 52. Ra8+ Kf7 53. Ra7+ Kf8 54. Rxh7 Rb1 55. Rb7 b3 56. Rb4 Ke7 57. Kc3 Re1
58. Re4 Rb1 59. Kb4 $1 {The best try. The king "wraps around" the pawn so that
when the rook takes b3 it will defend e3. However this is still not winning.}
Kd7 60. Rd4+ Ke7 61. Ka3 Re1 62. Re4 Rb1 63. Rb4 Kd7 64. Rxb3 Rh1 65. Kb4 Kc6 (
65... Rxh4+ 66. Kc5 Re4 67. Rb7+ Kc8 68. Rg7 Rxe5+ 69. Kd6 Rxg5 $11) 66. Rc3+ (
66. Rd3 Rxh4+ 67. Rd4 Rh5 68. Rd6+ Kc7 $11) 66... Kd5 {White is up two pawns,
but it is now very clear he cannot keep them. The game will end in a draw very
soon.} 67. Rc5+ Ke4 68. Kb5 Kf5 69. Rc4 Rh3 70. e4+ Kxe5 71. Kc6 Rxh4 72. Rc5+
Kd4 73. Kd6 Rxe4 74. Ra5 Re1 75. Ra4+ Kd3 76. Ra5 Kd4 77. Ra4+ Kd3 1/2-1/2

[Event "Belgrade PMF"]
[Site "Belgrade"]
[Date "1980.03.18"]
[Round "7"]
[White "Janosevic, Dragoljub"]
[Black "Simic, Radoslav"]
[Result "0-1"]
[WhiteElo "2440"]
[BlackElo "2405"]
[Annotator "Dimitrijevic,D"]
[PlyCount "94"]
[EventDate "1980.03.11"]
[EventType "tourn"]
[EventRounds "15"]
[EventCountry "YUG"]
[EventCategory "4"]
[SourceTitle "EXT 2004"]
[Source "ChessBase"]
[SourceDate "2003.11.25"]
[SourceVersion "1"]
[SourceVersionDate "2003.11.25"]
[SourceQuality "1"]

1. d4 Nf6 2. Nf3 g6 3. c4 Bg7 4. g3 c6 5. Bg2 d5 6. Nc3 dxc4 7. e4 Na6 $5 (7...
O-O 8. O-O Nbd7) 8. O-O (8. Ne5 Nb4 9. Nxc4 Qxd4 $17) 8... O-O 9. Qe2 b5 10.
Ne5 Bb7 11. Rd1 Nc7 12. Be3 Nd7 $5 (12... Qd6 $1 13. Bf4 $2 (13. Nxc4 bxc4 14.
e5 Qe6 15. exf6 Bxf6 $15) 13... Nh5 $1 $17) 13. f4 Nxe5 14. dxe5 Qc8 15. Bc5
Re8 16. a4 $1 a5 17. Bb6 $2 (17. Qe3 $1) 17... b4 18. Nb1 Ne6 19. Qxc4 Ba6 20.
Qc2 c5 21. Rd5 Qc6 22. Bxc5 (22. Bxa5 $2 Bb7 $19) 22... Rec8 23. Nd2 Nxc5 24.
Rc1 Qxa4 $4 (24... Qe8 $1 25. Rxc5 Rxc5 26. Qxc5 Rc8 $19) 25. Rxc5 Qd7 26. Nb3
a4 27. Qd2 $1 Qa7 $6 (27... Qxd2 28. Nxd2 Rxc5 29. Rxc5 Rc8 $17) 28. Qd4 $1 (
28. Qf2 $2 Rxc5 29. Nxc5 Rc8 30. Nd3 Rxc1+ 31. Nxc1 Qc7 $19) 28... Rd8 29. Rd5
$1 Qxd4+ $1 (29... Rxd5 30. exd5 axb3 31. Qxa7 Rxa7 32. Ra1 $11) 30. Nxd4 Bb7
31. Nc6 Bxc6 32. Rxc6 Rdb8 33. Rd1 a3 34. Rb1 a2 35. Ra1 b3 36. Rc3 Ra5 37. Bf1
Rxe5 $1 38. fxe5 Bxe5 39. Rxb3 Bd4+ $1 40. Kg2 $2 (40. Kh1) 40... Rxb3 41. Rxa2
Re3 $1 42. Ra4 Bxb2 43. Kf2 Rb3 44. Rc4 Be5 45. Rc2 h5 46. Be2 h4 47. Bf3 $4 (
47. gxh4 Rh3 $19) 47... Bd4+ 0-1

[Event "EU-chT (Men) 10th"]
[Site "Debrecen"]
[Date "1992.11.??"]
[Round "8.2"]
[White "Cvitan, Ognjen"]
[Black "Ernst, Thomas"]
[Result "1/2-1/2"]
[WhiteElo "2550"]
[BlackElo "2570"]
[Annotator "Ernst,T"]
[PlyCount "96"]
[EventDate "1992.11.20"]
[EventType "team-swiss"]
[EventRounds "9"]
[EventCountry "HUN"]
[SourceTitle "EU-chT"]
[Source "ChessBase"]
[SourceDate "1999.07.01"]
[SourceVersion "2"]
[SourceVersionDate "1999.07.01"]
[SourceQuality "1"]
[WhiteTeam "Croatia"]
[BlackTeam "Sweden"]
[WhiteTeamCountry "CRO"]
[BlackTeamCountry "SWE"]

1. d4 Nf6 2. Nf3 g6 3. c4 Bg7 4. g3 c6 5. Bg2 d5 6. cxd5 cxd5 7. Ne5 O-O 8. Nc3
e6 9. Bg5 Qb6 10. Qd2 Nc6 11. Nxc6 bxc6 12. O-O Nd7 13. Be3 Ba6 14. Rac1 Rac8
15. Rfd1 Rfe8 16. Rc2 Qb4 17. Bh6 Bh8 18. e4 Nb6 (18... dxe4 19. Nxe4 Qxd2 20.
Rdxd2 $16 {/\ Nd6}) 19. b3 Red8 $8 (19... c5 $2 20. dxc5 Rxc5 21. Nxd5 Qxd2 22.
Rdxd2 Rxc2 23. Ne7+ $18) 20. h4 $1 (20. a3 Qd6 21. e5 Qd7 $14) 20... dxe4 21.
Nxe4 Qxd4 22. Nc5 Be2 $1 (22... Qf6 23. Qc1 Rxd1+ 24. Qxd1 Rd8 25. Qc1 Bd3 26.
Rd2 $18) 23. Qxd4 Bxd1 $1 (23... Rxd4 24. Rxd4 Bxd4 25. Nxe6 fxe6 26. Rxe2 Kf7
27. a4 $1 $16 {/\} Nd5 $2 28. Rxe6 $1 $18) 24. Qe4 Rd4 25. Rd2 $8 Rxe4 26. Nxe4
Bg4 27. Nd6 Rb8 (27... Rd8 28. Nf5 Bf6) 28. Bxc6 Bc3 29. Rd3 Bg7 30. Bxg7 Kxg7
31. f3 (31. Be8 Nd5 $1) (31. Ne8+ Kf8 32. Nf6 Bf5 33. Nd7+ Ke7 $1) 31... Bf5
32. Nxf5+ gxf5 33. a4 Rc8 34. Bb5 Kf6 (34... Rc1+ 35. Kf2 Rc2+ 36. Ke3 Rg2 37.
Kd4 Rxg3 38. Kc5 $44) 35. f4 Rc1+ 36. Kf2 Ke7 37. Ke2 Nd5 38. Kd2 Rg1 39. Bc6
Kd6 (39... Rg2+ $1 40. Kc1 Kd6 $15) 40. Bxd5 exd5 41. b4 $6 (41. Kc3 $1 $10 {
Cvitan,O}) 41... Ra1 42. a5 Ra2+ 43. Kc1 $1 (43. Kc3 $2 Ra3+ 44. Kd4 Rxd3+ 45.
Kxd3 h5 $1 (45... a6 46. h5 $3 $10) 46. a6 Kc6 47. Kd4 f6 48. b5+ Kxb5 49. Kxd5
Kxa6 50. Ke6 Kb5 51. Kxf5 a5 52. g4 $1 hxg4 53. h5 g3 54. h6 g2 55. h7 g1=Q 56.
h8=Q Qb1+ 57. Kg4 $17) 43... Ra4 44. Re3 $1 $10 f6 (44... Rxb4 45. Re5) 45. Re8
Rxb4 46. Rf8 Ke6 47. Re8+ Kf7 48. Rd8 Ke6 1/2-1/2

[Event "Moscow Aeroflot op-A"]
[Site "Moscow"]
[Date "2004.02.24"]
[Round "8"]
[White "Vaganian, Rafael A"]
[Black "Petrosian, Tigran L"]
[Result "1-0"]
[WhiteElo "2623"]
[BlackElo "2477"]
[Annotator "Ftacnik,L"]
[PlyCount "79"]
[EventDate "2004.02.17"]
[EventType "swiss"]
[EventRounds "9"]
[EventCountry "RUS"]
[SourceTitle "CBM 100"]
[Source "ChessBase"]
[SourceDate "2004.06.01"]
[SourceVersion "1"]
[SourceVersionDate "2004.06.01"]
[SourceQuality "1"]

1. Nf3 Nf6 2. c4 g6 3. g3 Bg7 4. Bg2 O-O 5. d4 c6 6. Nc3 d5 7. cxd5 cxd5 8. Ne5
e6 9. Bg5 Qb6 10. Qd2 Nfd7 11. Be3 Nc6 12. Nxc6 bxc6 13. O-O a5 14. b3 Ba6 15.
Rfd1 Rfc8 16. Rac1 Qb4 17. Bh6 Bxh6 18. Qxh6 Nb6 19. e4 a4 20. Qe3 $146 {
[%mdl 4] A new move, white is hoping to exploit the weak squares around the
black king after the swap of the dark squared bishops.} (20. Qd2 axb3 21. axb3
Bb7 22. Ne2 Qxd2 23. Rxd2 Ra3 24. Rb2 Rca8 25. Nc3 Ra1 26. Rbb1 Rxb1 27. Rxb1
Ra3 {1/2-1/2 Paunovic,D-Simic,R/Niksic 1996/ (70)}) 20... axb3 21. axb3 Bb7 (
21... Bb5 $5 22. Nxb5 cxb5 23. Rc5 dxe4 24. Bxe4 Ra3 25. Rd3 Rd8 $11) 22. f4 f5
{Petrosian choses a surprising solution of fixing his pawns on the dark
squares. On the other hand white will not be toying with threats of f4-f5 any
more.} (22... Rcb8 23. Rb1 (23. e5 Ra3 24. Rb1 Ba6 25. Rdc1 Nd7 (25... Rxb3 26.
Na2 Rxb1 27. Nxb4 Nc4 28. Qe1 R1xb4 $14) 26. Qf2 Rxb3 27. Rxb3 Qxb3 $15) 23...
Ra3 24. f5 (24. Qd2 Ba6 25. f5 Nd7 (25... exf5 26. exd5 $14) 26. fxe6 fxe6 27.
Qe3 $11) 24... exf5 25. exf5 Ba6 $13) 23. exf5 exf5 24. Ra1 $1 (24. Qe6+ Kg7
25. Qe5+ Kg8 (25... Kh6 26. g4 fxg4 27. Qg5+ Kg7 28. Qe5+ $11) 26. Qe6+ $11)
24... Kf7 25. Na4 Re8 (25... Nxa4 26. bxa4 Re8 27. Rab1 Qe7 28. Qxe7+ Rxe7 29.
Rb4 $14) 26. Qd2 Qxd2 27. Rxd2 Re3 28. Rb1 Nxa4 (28... Nd7 29. Kf2 Ree8 30. Rc1
Nf6 31. Nc5 Ne4+ 32. Bxe4 fxe4 33. Ke3 Bc8 $11) 29. bxa4 Bc8 {Black still
doesn't have to worry about the future as his structure is solid and pieces
fairly active.} (29... Ba6 30. Ra1 Bc4 $11) 30. Ra2 (30. Rb6 Bd7 31. Ra2 Ra5
32. Kf2 $14) 30... Ra5 31. Rb8 Ba6 (31... Bd7 $5 32. Kf2 Rc3 33. Rb4 Ke7 34.
Ke2 c5 35. dxc5 Rcxc5 $11) 32. Ra8 Re1+ 33. Kf2 Rd1 34. Rb2 $1 Rxa4 $2 (34...
Rxd4 $1 35. Rb6 Rd2+ 36. Ke3 Rd3+ (36... Rxg2 $2 37. Ra7+ Ke6 38. Rxc6#) 37.
Kf2 Rd2+ 38. Ke1 Re2+ 39. Kd1 Rxa4 40. Ra7+ Re7 41. Raxa6 Rd4+ 42. Kc2 Re2+ 43.
Kb3 Rd3+ (43... Rxg2 44. Rb7+ Ke6 45. Rxc6#) 44. Kb4 Ke7 (44... Rd4+ 45. Kc5
Rc4+ 46. Kd6 Re6+ 47. Kc7 Re7+ 48. Kb8 Rc2 $13) 45. Rxc6 $11) 35. Bxd5+ $1 {
Black must have missed this original and extremely strong idea, black king has
suddenly fallen under grave threats.} Kg7 (35... cxd5 36. Ra7+ Kf6 37. Rb6#)
36. Bb3 Rb4 (36... Rdxd4 37. Bxa4 Rxa4 38. Rb7+ Kf6 39. Rba7 Ra2+ 40. Ke1 Re2+
41. Kd1 $18) 37. Rxa6 Rd3 38. Ra3 Rb7 39. Ke2 Rxd4 (39... Rc3 40. Kd2 Rf3 41.
Kc2 $18) 40. Rba2 1-0

[Event "YUG-ch 55th"]
[Site "Subotica"]
[Date "2000.03.31"]
[Round "13"]
[White "Drasko, Milan"]
[Black "Marjanovic, Slavoljub"]
[Result "1/2-1/2"]
[WhiteElo "2520"]
[BlackElo "2524"]
[Annotator "Ftacnik,L"]
[PlyCount "50"]
[EventDate "2000.03.16"]
[EventType "tourn"]
[EventRounds "15"]
[EventCountry "YUG"]
[EventCategory "10"]
[SourceTitle "CBM 076"]
[Source "ChessBase"]
[SourceDate "2000.05.31"]
[SourceVersion "1"]
[SourceVersionDate "2000.05.31"]
[SourceQuality "1"]

1. Nf3 Nf6 2. c4 g6 3. d4 Bg7 4. g3 d5 5. Bg2 dxc4 6. Na3 c5 7. O-O Nc6 8. dxc5
Qa5 9. Nd4 (9. Nxc4 Qxc5 10. b3 O-O 11. Bb2 Qh5 12. Nce5 Rd8 13. Qc1 Nxe5 14.
Bxe5 Bg4 15. Qb2 Rd5 16. Bc3 Bh3 17. Rfd1 Bxg2 18. Kxg2 Rad8 {1/2-1/2 Horvath,
J-Wohlfahrt,H/Budapest/1996/ (58)}) (9. Qc2 Qxc5 10. Qxc4 Qxc4 11. Nxc4 O-O 12.
Nce5 Nxe5 13. Nxe5 Rd8 14. Re1 Nd5 15. Nd3 b6 16. Bg5 Be6 17. Rac1 h6 18. Bd2
Rac8 {1/2-1/2 Mirumian,V-Kempinski,R/Passau/1999/ (26)}) (9. Bd2 Qxc5 10. Rc1
O-O 11. Qa4 Bd7 12. Rxc4 Qb6 13. Rcc1 Qxb2 14. Nc4 {1/2-1/2 Portisch,
L-Olafsson,F/Moscow/1961/ (14)}) 9... O-O (9... Bd7 10. Nxc6 {1/2-1/2 Ninov,
K-Jansa,V/Andorra/1994/ (10)}) 10. Nxc6 bxc6 11. Nxc4 Qxc5 12. b3 Ng4 {Black's
pawn structure is already slightly compromised by the pawn on c6, so he seeks
counterplay in kingside attack.} (12... Nd5 13. Ba3 Qb5 14. Rc1 Bg4 (14... Be6
15. Qd2 Rfd8 16. Rfd1 Rd7 17. Qe1 a5 18. Bb2 a4 19. Bxg7 Kxg7 20. Ne5 Rd6 21.
Nc4 Rd7 22. Rd3 Nb4 23. Rxd7 {1/2-1/2 Wojtkiewicz,A-Schmidt,W/Krynica/1997/ 
(23)}) 15. h3 Be6 16. e4 Nc3 17. Qc2 Bxc4 18. bxc4 Qxc4 19. Rfe1 Qe6 20. e5 Nb5
21. Bb2 Qxa2 22. Ra1 Qe6 23. Ra6 Rac8 {1/2-1/2 Karpov,A-Popovic,P/Belgrade/
1996/ (32)}) 13. Bb2 (13. Rb1 Re8 14. h3 $14) 13... Bxb2 14. Nxb2 Qh5 15. h3
Nf6 16. e4 (16. g4 Bxg4 $5 17. hxg4 Nxg4 18. Re1 Qh2+ 19. Kf1 Qh4 20. Nd3 Rad8
21. Qd2 (21. Qc2 $2 Qxf2+ 22. Nxf2 Ne3+ 23. Kg1 Nxc2 $17) 21... Nxf2 22. Qf4
Ng4 $11) 16... Bg4 $6 (16... Qb5 $14) 17. hxg4 (17. f3 Bxh3 $17) 17... Nxg4 18.
Re1 f5 19. Qc2 $2 {[%mdl 256] Black's strategy seems to be a bit too onesided,
but white needed courage to refute the concept.} (19. e5 f4 $40) (19. Nd3 $1
Rad8 20. Qc2 Qh2+ 21. Kf1 fxe4 22. Qc4+ Kh8 23. Rxe4 Qxg3 (23... Rxd3 24. Rxg4
Rxg3 25. Qd4+ Kg8 26. Rxg3 Qxg3 27. Bxc6 $18) 24. Rxg4 Qxd3+ 25. Qxd3 Rxd3 26.
Re4 $18) 19... fxe4 20. Nd1 Qh2+ 21. Kf1 Qxg3 22. Rxe4 (22. Bxe4 $2 Rad8 23. b4
(23. Qc4+ e6 24. Qxe6+ Kh8 $19) 23... Rxd1 24. Qb3+ Qxb3 25. axb3 Rxf2+ $19)
22... Nh2+ 23. Kg1 Nf3+ 24. Kf1 Nh2+ 25. Kg1 Nf3+ 1/2-1/2